Khảo sát xử lý nước ngầm bằng công nghệ plasma lạnh

Spremljeno u:
Bibliografski detalji
Glavni autor: Lê, Hoàng Việt
Daljnji autori: Nguyễn, Võ Châu Ngân
Format: Knjiga
Jezik:Undetermined
Teme:
Online pristup:http://lrc.tdmu.edu.vn/opac/search/detail.asp?aID=2&ID=33694
Oznake: Dodaj oznaku
Bez oznaka, Budi prvi tko označuje ovaj zapis!
Thư viện lưu trữ: Trung tâm Học liệu Trường Đại học Thủ Dầu Một
LEADER 00758nam a2200157Ia 4500
001 TDMU_33694
008 210410s9999 xx 000 0 und d
082 |a 959.704092 
100 |a Lê, Hoàng Việt 
245 0 |a Khảo sát xử lý nước ngầm bằng công nghệ plasma lạnh 
245 0 |c Lê Hoàng Việt, Nguyễn Võ Châu Ngân, Đặng Huỳnh Giao, Nguyễn Văn Dũng 
300 |a Tr.45-54 
650 |a Arsen; Công nghệ plasma; E.coli; Sắt; Công nghệ môi trường  |x Xử lý nước ngầm 
700 |a Nguyễn, Võ Châu Ngân 
856 |u http://lrc.tdmu.edu.vn/opac/search/detail.asp?aID=2&ID=33694 
980 |a Trung tâm Học liệu Trường Đại học Thủ Dầu Một